000 00612nam a2200193 i 4500
001 117941
003 ES-MaACL
005 20231229063031.0
007 t|
008 160728s1888 sp |||| | spa d
080 _a821.134.2-23"18"
100 1 _aZorrilla, José,
_d1817-1893
_9118354
245 1 3 _aEl puñal del godo
_b: drama en un acto /
_cpor José Zorrilla.
250 _a5ª ed.
260 _aMadrid :
_b[s.n.],
_c1888 (
_fEstab. Tip. E. Cuesta)
300 _a32 p. ;
_c19 cm.
852 _aES-MaACL
_jD-1760(6)
_z- Enc. hol.
_z. - Legado de Modesto de la Fuente
999 _c117941
_d117941